000 00817nam a2200265Ia 4500
003 OSt
005 20221006142354.0
006 a|||||r|||| 00| 0
007 ta
008 221006b |||||||| |||| 00| 0 eng d
020 _a02310355306
_c52.20
024 _a6,211
037 _cTextual
040 _aEASL
_cEASL
_beng
041 _2eng
_aeng
082 _aO42,2L48, L1-;1
100 _aIZUMO Takeda & others
_9647540
245 0 _aChushingura
_b The treasury of loyal retainers
260 _aNew York
_bColumbia University Press
_c1971
300 _a184p.
_ccm.
490 _v JEL
_aUNSCO clloection of representarive works Japanese
700 _a KEENE Donald Tr.
_9647541
942 _hO42,2L48, L1-;1
_cTEXL
_2CC
999 _c1074297
_d1074297